000 00854nam a2200217 a 4500
999 _c6435
_d6435
001 6435
003 BD-JhCC
005 20180305121149.0
008 180123s1965 bg |||| ||a| 000 0 ben d
035 _a(BD-JhCC)6435
040 _aBD-JhCC
_dBD-JhCC
041 _aben
082 _a297
_bANS 1965
100 _aআনছারী, ক্বারী মোহাম্মদ আবদুল জব্বার
245 _aক্বারীউল-ক্বোরআান :
_bবিশুদ্ধ ক্বোরআন পড়ার সহজ উপায় /
_cক্বারী মোহাম্মদ আবদুল জব্বার আনছারী
260 _aঢাকা :
_bএমদাদিয়া লাইব্রেরী,
_c1965
300 _a127 p. :
_c18 cm.
650 _aIslam
942 _2ddc
_cBK